British sitcoms by theme tune - Statistics

General Stats
  • This quiz has been taken 82 times
  • The average score is 6 of 15
Answer Stats
Lyrics Sitcom % Correct
"God bless Hooky Street, Viva Hooky Street" Only Fools and Horses
89%
"The Lord is my shepherd I shall not want" Vicar of Dibley
88%
"Ground floor: perfumery, stationery & leather goods, wigs and haberdashery , kitchenwear & food, going up" Are You Being Served?
68%
"They say I might as well face the truth. That I'm just too long in the tooth" One Foot in the Grave
66%
"What'll I do? When you are far away and skies are blue. What'll I do?" Birds of a Feather
56%
"Fun fun fun, in the sun sun sun!" Red Dwarf
53%
"Gotta get up, gotta get out, grab the world by the throat and shout" Bread
37%
"The sound of hoof beats 'cross the glade, Good folk, lock up your son and daughter" Blackadder
29%
"The colour of summer's gone, Of golden days when I was young" Last of the Summer Wine
29%
"By the time you read these lines, I'll be gone" Dear John
22%
"From the long warm nights with an ocean breeze, to the damp and to the rain of London city" Desmonds
12%
"Come with us now on a journey through time and space" Mighty Boosh
11%
"We are the village green, preservation society, God save Donald Duck, vaudeville & variety" Jam and Jerusalem
8%
"Ecce homo qui est faba. Vale homo qui est faba" Mr Bean
8%
"Roll river, keep on rolling" Getting On
3%
No matching quizzes found
Score Distribution
Percent of People with Each Score
Percentile by Number Answered
Your Score History
You have not taken this quiz